| 000 | 00877pam a2200301 i 4500 | ||
|---|---|---|---|
| 999 |
_c6087 _d6087 |
||
| 001 | 018130710 | ||
| 003 | Uk | ||
| 005 | 20260206093839.0 | ||
| 008 | 161004s2017 enk 000|f|eng|d | ||
| 015 |
_aGBB6J6902 _2bnb |
||
| 016 | 7 |
_a018130710 _2Uk |
|
| 020 | _a9780008158118 (hbk.) | ||
| 040 |
_aStDuBDS _beng _cStDuBDS _dUk _dKH8 _erda |
||
| 042 | _aukblcatcopy | ||
| 082 | 0 | 4 |
_aFIC MBU _223 |
| 100 | 1 |
_aMbue, Imbolo, _eauthor. |
|
| 245 | 1 | 0 |
_aBehold the dreamers : _ba novel / _cImbolo Mbue. |
| 264 | 1 |
_aLondon : _b4th Estate, _c2017. |
|
| 300 |
_a382 pages ; _c24 cm |
||
| 336 |
_atext _2rdacontent |
||
| 337 |
_aunmediated _2rdamedia |
||
| 338 |
_avolume _2rdacarrier |
||
| 500 | _aOriginally published: 2016. | ||
| 500 |
_aFormerly CIP. _5Uk |
||
| 650 | 0 |
_aCameroonians _zNew York (State) _zNew York _vFiction. |
|
| 651 | 0 |
_aNew York (N.Y.) _vFiction. |
|
| 942 |
_2ddc _cFIC |
||